LEADER 01060nam0 2200325 i 450 001 RAV0192198 005 20231121125637.0 010 $a8871440528 100 $a20140619f ||||0itac50 ba 101 | $aita 102 $ait 181 1$6z01$ai $bxxxe 182 1$6z01$an 200 1 $aQuesto si, quello no$fRuggero Guarini 210 $aRoma$cArmando$d1989 215 $a187 p.$d22 cm 225 | $aSatelliti 410 0$1001RAV0085990$12001 $aSatelliti 606 $aCultura$xSaggi$2FIR$3RMLC239483$9I 676 $a854.9141554$9$v21 700 1$aGuarini$b, Ruggero$3CFIV070216$4070$0144499 790 1$aGuarini$b, Ruggiero$3MILV180256$zGuarini, Ruggero 801 3$aIT$bIT-01$c20140619 850 $aIT-FR0017 899 $aBiblioteca umanistica Giorgio Aprea$bFR0017 912 $aRAV0192198 950 0$aBiblioteca umanistica Giorgio Aprea$d 52MAG 12/1951$e 52FSS0000014125 VMN RS $fA $h20140619$i20140619 977 $a 52 996 $aQuesto si, quello no$9143855 997 $aUNICAS